000 00516nam a2200205Ia 4500
003 OSt
005 20220926044718.0
006 a|||||r|||| 00| 0
007 ta
008 220923b |||||||| |||| 00| 0 eng d
037 _cGeneral Book
040 _aRTL
_cRTL
_beng
041 _2eng
_aeng
082 _a2.2z7, K5
100 _aSen N B Ed.
_945309
245 0 _aDevelopment of libraries in New India
260 _c1965
942 _h2.2z7, K5
_cGB
_2CC
999 _c675598
_d675598